000 00642cam a2200205 4500
001 6126
010 _a 2014356926
020 _a9789381398715
100 _aKapur, Manju .
_b
_c
_d
_e
_q
245 0 0 _aShaping the world :
_bwomen writers on themselves /
_cedited by Manju Kapur.
264 1 _aIndia :
_bHay House,
_c2014.
300 _a275 pages ;
_c22 cm
336 _atext
_btxt
_2rdacontent
337 _aunmediated
_bn
_2rdamedia
338 _avolume
_bnc
_2rdacarrier
650 0 _aEnglish literature
_zSouth Asia.
650 0 _aWomen authors, South Asian
_vBiography.
700 1 _aKapur, Manju,
_eeditor.
999 _c5173
_d5173